Loading...

Dictionary of cultural and critical theory /

Bibliographic Details
Other Authors: Barbera,, Jessica Rae
Format: Printed Book
Language:English
Published: UK: Wiley-Blackwell, 2010.
Edition:2
Subjects:
LEADER 00597cam a2200193ua 4500
008 121020t2010||||||||||| 00 ||eng c
041 0 |a eng 
082 |a 306.03  |b DIC 
245 1 0 |a Dictionary of cultural and critical theory /  
250 |a 2 
260 |a UK:  |b Wiley-Blackwell,  |c 2010. 
300 |a 817p.. 
362 1 |a 2010. 
650 |a Culture-Dictionaries 
650 0 |a Critical theory-Dictionaries 
700 0 2 |a Barbera,, Jessica Rae 
942 |c REF 
999 |c 27822  |d 27822 
952 |0 0  |1 0  |4 0  |6 306_030000000000000_DI  |7 0  |9 29592  |a KUCL  |b KUCL  |d 2014-05-23  |l 0  |o 306.03 DI  |p 29322  |r 2017-03-10  |w 2014-05-23  |y REF